ऐसी भी बातें होती हैं / (Record no. 114532)

MARC details
000 -LEADER
fixed length control field 01009nam a22002537a 4500
005 - DATE AND TIME OF LATEST TRANSACTION
control field 20170124103010.0
010 ## - LIBRARY OF CONGRESS CONTROL NUMBER
LC control number B-032030
020 ## - INTERNATIONAL STANDARD BOOK NUMBER
Terms of availability 150.00
International Standard Book Number 8187779012
035 ## - SYSTEM CONTROL NUMBER
System control number B-032030
037 ## - SOURCE OF ACQUISITION
Source of stock number/acquisition Cen Lib/Ret
040 ## - CATALOGING SOURCE
Original cataloging agency DPL
Language of cataloging HN
082 ## - DEWEY DECIMAL CLASSIFICATION NUMBER
Classification number
Item number कासली
100 ## - MAIN ENTRY--PERSONAL NAME
Personal name कासलीवाल, प्रेम
9 (RLIN) 57196
245 ## - TITLE STATEMENT
Title ऐसी भी बातें होती हैं /
Statement of responsibility, etc प्रेम कासलीवाल
246 ## - VARYING FORM OF TITLE
Title proper/short title Aisi bhi baaten hoti hain /
Remainder of title by Prem Kaasliwal
260 ## - PUBLICATION, DISTRIBUTION, ETC. (IMPRINT)
Place of publication, distribution, etc नई दिल्ली
Name of publisher, distributor, etc अनुराग प्रकाशन
Date of publication, distribution, etc 2000
270 ## - ADDRESS
Address 1/1073-डी, महरौली
City नई दिल्ली
Postal code 110030
300 ## - PHYSICAL DESCRIPTION
Extent 146पृ.
Dimensions 21सेमी (सजिल्द)
650 ## - SUBJECT ADDED ENTRY--TOPICAL TERM
Topical term or geographic name as entry element हिन्दी -- साहित्य
9 (RLIN) 57197
650 ## - SUBJECT ADDED ENTRY--TOPICAL TERM
Topical term or geographic name as entry element हिन्दी -- कहानी
9 (RLIN) 779
650 ## - SUBJECT ADDED ENTRY--TOPICAL TERM
Topical term or geographic name as entry element Hindi -- Literature
9 (RLIN) 57198
650 ## - SUBJECT ADDED ENTRY--TOPICAL TERM
Topical term or geographic name as entry element Hindi -- Story
9 (RLIN) 43117
942 ## - ADDED ENTRY ELEMENTS (KOHA)
Source of classification or shelving scheme Dewey Decimal Classification
Koha item type Hindi Books
Classification part
Call number suffix कासली
Holdings
Withdrawn status Lost status Damaged status Not for loan Home library Current library Date acquired Source of acquisition Cost, normal purchase price Total Checkouts Full call number Barcode Date last seen Copy number Cost, replacement price Price effective from Koha item type
        Central Library Central Library 18/08/2015 Cen Lib/Ret 150.00   क कासली B-032030 18/08/2015 1 150.00 18/08/2015 Hindi Books

© Delhi Public Library
Hit Counter
free hit counter